| 000 | 00572nam a22002057a 4500 | ||
|---|---|---|---|
| 003 | OSt | ||
| 005 | 20140310182801.0 | ||
| 008 | 130213t xxu||||| |||| 00| 0 eng d | ||
| 020 | _a0471287113 | ||
| 050 |
_aTX 911.3.M27 _b.D583 1997 |
||
| 100 | _aDittmer, Paul R. | ||
| 245 |
_aDimensions of the hospitality industry / _cPaul R. Dittmer |
||
| 260 |
_aNew York : _bWiley, _c2002. |
||
| 300 |
_axi, 476 p. : _bill. ; (some col.) ; _c24 cm. |
||
| 521 | _aTOU | ||
| 650 |
_aHospitality industry _vManagement. |
||
| 942 |
_2lcc _cBK _kFOR |
||
| 999 |
_c15976 _d15976 |
||